Historia literaria de Portugal : siglo XII-XX /

Salvato in:
Dettagli Bibliografici
Autore principale: Figueiredo, Fidelino de (autor)
Natura: Libro
Lingua:spagnolo
Serie:(Austral ; 850)
Soggetti:
Tags: Aggiungi Tag
Nessun Tag, puoi essere il primo ad aggiungerne!!

MARC

LEADER 00000nam^a2200000^a^4500
001 000030815
005 20250521000000.0
009 20260310085018.354
037 |a Acervo ITESO - Biblioteca 
041 |a ESP 
082 |a 808.  |b AUS V. 850 
100 |a Figueiredo, Fidelino de  |e (autor) 
245 1 0 |a Historia literaria de Portugal :  |b siglo XII-XX /  |c F. de Figueiredo 
264 |a Buenos Aires, Argentina :  |b Espasa-Calpe,  |c 1948 
300 |a 146 p. 
336 |a texto  |b txt  |2 rdacontenido 
337 |a sin mediación  |b n  |2 rdamedio 
338 |a volumen  |b nc  |2 rdasoporte 
440 1 |a (Austral ;  |v 850) 
649 |a XX 
650 |a Literatura Portuguesa -  |x Historia y Crítica 
910 |a Fondo General 
920 |a Impresos - Libros 
930 |a Colección General 
940 |a Literatura 
905 |a 101 
901 |a 0308150100  |b IT1  |c LIT  |i 030815  |u 20250521 
902 |a https://opac.biblio.iteso.mx/vufind/Record/000030815